Otto per mille : come lo Stato sottrae ogni anno più di un miliardo di euro agli italiani per darli alla Chiesa Cattolica /

সংরক্ষণ করুন:
গ্রন্থ-পঞ্জীর বিবরন
প্রধান লেখক: Staderini, Mario, (1973- ) (লেখক)
বিন্যাস: গ্রন্থ
ভাষা:ইতালিয়
প্রকাশিত: [S.l.! : anticlericale.net, 2004
ট্যাগগুলো: ট্যাগ যুক্ত করুন
কোনো ট্যাগ নেই, প্রথমজন হিসাবে ট্যাগ করুন!

MARC

LEADER 00000nam a22000001i 4500
001 IT\ICCU\TO0\1622754
003 ItRI
005 20241224113959.0
008 071017s2004 it |||||| ||||| |||||c
040 |b ita  |c ARCIGAY RIMINI 
041 7 |a ita  |2 ISO-639-2 
100 1 |a Staderini, Mario,  |d  (1973- )  |0 IT\ICCU\TO0V\601933  |4 aut 
245 1 0 |a Otto per mille :  |b come lo Stato sottrae ogni anno più di un miliardo di euro agli italiani per darli alla Chiesa Cattolica /  |c Mario Staderini. 
260 |a [S.l.! :  |b anticlericale.net,  |c 2004 
300 |a 29 p. ;  |c 22 cm 
500 |a Descriz. tratta dalla cop. 
942 |2 ddc  |c BK 
952 |0 0  |1 0  |2 ddc  |4 0  |6 343_032000000000000_STA_OTT  |7 1  |9 2343  |a RN  |b RN  |d 2024-12-24  |l 0  |o 343.032 STA OTT  |p 9796  |r 2024-12-24 11:47:08  |w 2024-12-24  |y BK 
981 1 |6 z01  |a i   |b xxxe  
982 1 |6 z01  |a n 
999 |c 2047  |d 2047